00648 2200241 4500001002100000005001700021008004100038035002400079082001100103090002100114100001200135245004900147250001800196260003000214300002400244440003500268500002900303650002300332850001500355980001500370985000600385999001500391YOGYA-0209000003573720090227025039.0 ind  0010-020900000035737 a342.06 a342.06bMuk PlT aMukhsan aPeradilan administrasi negaracoleh, Muchsan aEd. 1, cet. 1 aYogyakartabLibertyc1981 aviii, 72 hlmc21 cm aSeri Hukum Administrasi negara aBibliografi : hlm. 53-54 aHukum administrasi aYOPDYOG(B) a10-10-2006 a1 a94P0055091